000 00608nam a22001937a 4500
999 _c14392
_d14392
003 AR-CdUCM
008 190423b ||||| |||| 00| 0 spa d
020 _a978-612-4039-90-4
040 _aMUNICIPALIDAD PROVINCIAL DEL CUSCO
_cBIBLIOTECA MUNICIPAL DEL CUSCO
082 _22ed.
_aEP / 376.1 /
_bM39
100 _aMejía, José Luis
_926887
245 _aJosefa y los opuestos /
260 _aLima :
_bAlfaguara,
_c2015.
300 _a31 páginas ;
_bIlustraciones,
_c22.5 cm.
650 _aLiteratura infantil
_9588
650 _aCuentos infantiles
_93927
942 _2ddc
_cLIBROS
945 _aacv
_d2019-04-23